Normal view
MARC view
Entry Personal Name
001 - CONTROL NUMBER
- control field: 16347
003 - CONTROL NUMBER IDENTIFIER
- control field: ARRUPE
005 - DATE AND TIME OF LATEST TRANSACTION
- control field: 20150313144950.0
008 - FIXED-LENGTH DATA ELEMENTS
- fixed length control field: 150313|| aca||aabn | a|a d
040 ## - CATALOGING SOURCE
- Original cataloging agency: ARRUPE
- Transcribing agency: ARRUPE
100 ## - HEADING--PERSONAL NAME
- Personal name: Ron Milner (ed.)
670 ## - SOURCE DATA FOUND
- Source citation: Work cat.: (ARRUPE): King, W. 16344, Black drama anthology, 1971